000 00476nam a2200181Ia 4500
005 20250423095631.0
008 250422s9999 xx 000 0 und d
020 _a9781597842228
050 _aBP 252 .N87 H67/
100 _aNursi, Said Bediüzzaman
245 0 _aHope and solace for the elderly : twenty-sixth gleam, twenty-first letter
260 _aNew Jersey
260 _bTughra Books
260 _c2009
300 _a112 p
650 _aReligion
942 _cBK
999 _c30866
_d30866